| 000 | 00585nam a22001697a 4500 | ||
|---|---|---|---|
| 003 | PILC | ||
| 005 | 20250211101351.0 | ||
| 008 | 150605b xxu||||| |||| 00| 0 eng d | ||
| 050 |
_aQA 76.5 _b.G559 2007 |
||
| 100 | _aGliane, Denise Sue T. | ||
| 245 |
_aSusheden marketing incorporated online inventory management system / _cDenise Sue T. Gliane. |
||
| 260 |
_aLas PiƱas City: _bSISC, _c2007. |
||
| 300 |
_axv, 144 pages : _billustrations ; _c28 cm. |
||
| 500 | _aIncludes bibliographical references and appendices. | ||
| 650 | _aInventory management systems. | ||
| 942 |
_2lcc _cTH _kLOC |
||
| 999 |
_c284760 _d284760 |
||